Energy management principles : applications, benefits, savings /

Bibliographic Details
Main Author: Smith, Craig B.
Corporate Author: ScienceDirect (Online service)
Format: eBook
Language:English
Published: New York : Pergamon Press, [1981]
Subjects:
Online Access:Connect to the full text of this electronic book

MARC

Tag First Indicator Second Indicator Subfields
LEADER 00000cam a2200000 a 4500
001 in00005770421
005 20260327173125.1
006 m o d
007 cr n |||
008 810330t19811981nyua ob 001 0 eng d
010 |z  81005167  
040 |a COA  |b eng  |e rda  |c COA  |d OCLCF  |d OCLCQ  |d OCLCO  |d OCLCL  |d OCLCQ  |d OCLCL 
020 |a 0080280366 
020 |a 9780080280363 
024 8 |a (WaSeSS)ssj0001063451 
035 |a (OCoLC)1340106062 
050 0 4 |a TJ163.3  |b .S545 1981 
082 0 4 |a 333.79/16  |2 19 
049 |a TXAM 
100 1 |a Smith, Craig B. 
240 1 0 |a Energy management principles (Online) 
245 1 0 |a Energy management principles :  |b applications, benefits, savings /  |c Craig B. Smith. 
264 1 |a New York :  |b Pergamon Press,  |c [1981] 
264 4 |c ©1981. 
300 |a 1 online resource (xx, 495 pages :)  |b illustrations 
336 |a text  |b txt  |2 rdacontent 
337 |a computer  |b c  |2 rdamedia 
338 |a online resource  |b cr  |2 rdacarrier 
347 |a text file  |2 rdaft  |0 http://rdaregistry.info/termList/fileType/1002. 
504 |a Includes bibliographical references and index. 
650 0 |a Energy conservation. 
650 0 |a Power resources. 
650 6 |a Ressources énergétiques. 
650 7 |a energy resources.  |2 aat 
650 7 |a Energy conservation  |2 fast 
650 7 |a Power resources  |2 fast 
655 7 |a Electronic books.  |2 local 
710 2 |a ScienceDirect (Online service) 
758 |i has work:  |a Energy management principles (Text)  |1 https://id.oclc.org/worldcat/entity/E39PCGx8FGVrcMxwQWc4wPvbVC  |4 https://id.oclc.org/worldcat/ontology/hasWork 
856 4 0 |u http://proxy.library.tamu.edu/login?url=https://www.sciencedirect.com/science/book/9780080280363  |z Connect to the full text of this electronic book  |t 0 
936 |a BATCHLOAD 
955 |a Elsevier ScienceDirect 2026-2027 
994 |a 92  |b TXA 
999 f f |i 8328fb55-aaf1-46bc-aa00-79ffabece760  |s 4926413e-f16a-47f4-b830-68352df018d3  |t 0 
952 f f |a Texas A&M University  |b College Station  |c Electronic Resources  |s www_evans  |d Available Online  |t 0  |e TJ163.3 .S545 1981  |h Library of Congress classification 
998 f f |a TJ163.3 .S545 1981  |t 0  |l Available Online